Contribución al estudio de la importancia de la laringoscopía, bajo el punto de vista práctico (Record no. 164069)

MARC details
000 -LEADER
campo de control de longitud fija 00825nam a2200169 i 4500
001 - NÚMERO DE CONTROL
campo de control 164069
003 - IDENTIFICADOR DE NÚMERO DE CONTROL
campo de control ES-MaACL
005 - FECHA Y HORA DE LA ÚLTIMA TRANSACCIÓN
campo de control 20230906212850.0
008 - DATOS DE LONGITUD FIJA--INFORMACIÓN GENERAL
campo de control de longitud fija 020723s1891 sp |||| | spa d
040 ## - FUENTE DE CATALOGACIÓN
Centro catalogador/agencia de origen CCPB | B
Lengua de catalogación spa
Centro/agencia transcriptor CCPB | B
100 1# - ENTRADA PRINCIPAL--NOMBRE DE PERSONA
Nombre de persona Royo y Galindo, Juan I.
9 (RLIN) 132135
245 10 - MENCIÓN DEL TÍTULO
Título Contribución al estudio de la importancia de la laringoscopía, bajo el punto de vista práctico
Resto del título : memoria leída ante el claustro de la Facultad de Medicina de la Universidad Central en el solemne acto de graduarse de doctor /
Mención de responsabilidad, etc. por Juan I. Royo y Galindo.
260 ## - PUBLICACIÓN, DISTRIBUCIÓN, ETC.
Lugar de publicación, distribución, etc. Zaragoza :
Nombre del editor, distribuidor, etc. [s.n.],
Fecha de publicación, distribución, etc. 1891 (
Fabricante establecimiento tipográfico de La Derecha)
300 ## - DESCRIPCIÓN FÍSICA
Extensión 39 p. ;
Dimensiones 22 cm.
650 #4 - PUNTO DE ACCESO ADICIONAL DE MATERIA--TÉRMINO DE MATERIA
Término de materia o nombre geográfico como elemento de entrada Laringe-
Subdivisión general Cirugía.
9 (RLIN) 136343
852 ## - LOCALIZACIÓN
Ubicación ES-MaACL
Número de control de estantería T-562-F-10
Nota libre -- Enc. hol. conservando la cub. original
-- -- Enc. en un vol. facticio
Holdings
Estatus retirado Estado de pérdida Estado de daño No para préstamo Colección Biblioteca de origen Biblioteca actual Ubicación en estantería Fecha de adquisición Total de préstamos Signatura topográfica completa Código de barras Visto por última vez Precio de reemplazo Tipo de ítem Koha
        Colección de folletos Biblioteca del Ateneo de Madrid Biblioteca del Ateneo de Madrid Depósito folletos 17/01/2008   T-562-F-10 1171953 23/02/2023 23/02/2023 Folleto